000 01359nam a2200241Ia 4500
999 _c55476
_d55476
001 22558
003 GE_BSU
005 20220920170625.0
008 181216s2008||||ge |||||||||||||| ||geo||
040 _cGE_BSU
041 _ageo
080 _a7 ხ-20
100 _aხალვაში, ინგა
_911692
245 _aფილოსოფიური და სტულისტური ძიებები 80 - იანელთა შემოქმედებაში: დისერტაცია /
_cინგა ხალვაში; სამეცნიერო ხელმძღვანელი ო. თაბუკაშვილი; ბათუმის შოთა რუსთაველის სახ-ფო უნ-ტი.
250 _a.
264 _aბათუმი,
_c2008.
300 _a144 გვ. ;
_b30 სმ.
653 _aფილოსოფიური და სტულისტური ძიებები 80-იანელთა შემოქმედებაში
653 _aდისერტაცია
700 _aთაბუკაშვილი, ო.
_eსამეცნიერო ხელმძღვანელი
_910567
710 _aბათუმის შოთა რუსთაველის სახ-ფო უნ-ტი
_911693
942 _cBK
_2udc